00000000nam##2200000za#4500
0019.569328
003CaOODSP
00520210624181721
007cr |||||||||||
008150406|2004||||xxc|||||o    f|0| 0 eng|d
040 |aCaOODSP|beng
043 |an-cn---
0861 |aNH18-1-2/9-2004E-PDF
1102 |aCanada Mortgage and Housing Corporation.
24510|aAssessment of the outcomes for habitat for humanity home buyers / |h[electronic resource]|c[by] Maureen Crawford and Jane Londerville.
260 |aOttawa - Ontario : |bCanada Mortgage and Housing Corporation |cFebruary 2004.
300 |a66p.|breferences, tables
4901 |aResearch report
590 |a12-25-Supp|b2012-06-04
7201 |aCrawford, Maureen
830#0|aResearch report (Canada Mortgage and Housing Corporation : Online)|w(CaOODSP)9.506068
85640|ahttp://publications.gc.ca|qPDF|s4 MB|uhttps://publications.gc.ca/collections/collection_2011/schl-cmhc/nh18-1-2/NH18-1-2-9-2004-eng.pdf